Against the Mughals: Dreams and wars of Dattu sarvani a sixteenth - Century indo - Afghan soldier (Record no. 394902)

MARC details
000 -LEADER
fixed length control field 00631 a2200229 4500
005 - DATE & TIME
control field 20260319102258.0
008 - FIXED-LENGTH DATA ELEMENTS--GENERAL INFORMATION
fixed length control field 260318b |||||||| |||| 00| 0 eng d
020 ## - ISBN
International Standard Book Number 9789361773877
Price Rs. 1595.00
040 ## - CATALOGING SOURCE
Original cataloging agency VIVEKANANDA LIBRARY
082 ## - DDC NUMBER
Classification number 954.025
Book Number D569A
100 ## - MAIN ENTRY--PERSONAL NAME
Personal name Digby, Simon
110 ## - MAIN ENTRY--CORPORATE NAME
Corporate name
245 ## - TITLE STATEMENT
Title Against the Mughals: Dreams and wars of Dattu sarvani a sixteenth - Century indo - Afghan soldier
260 ## - PUBLICATION, DISTRIBUTION, ETC. (IMPRINT)
Name of publisher, distributor, etc Primus Book
Date of publication, distribution, etc 2024
Place of publication, distribution, etc Delhi
300 ## - PHYSICAL DESCRIPTION
Pages xxii, 316
650 ## - Subject
Subject History
650 ## - Subject
Subject Mughal History
650 ## - Subject
Subject Indian History
700 ## - Added Entry Personal Name
Added Entry Personal Name Sheikh, Samira
700 ## - Added Entry Personal Name
Relationship Lunn, David, ed.
942 ## - ADDED ENTRY ELEMENTS (KOHA)
Koha item type Books
Holdings
Withdrawn status Lost status Source of classification or shelving scheme Damaged status Not for loan Location (home branch) Sublocation or collection (holding branch) Shelving location Date acquired Koha issues (times borrowed) Koha full call number Accession No. Koha date last seen Koha item type
    Dewey Decimal Classification     VIVEKANANDA LIBRARY VIVEKANANDA LIBRARY Vivekananda Library 28/01/2026   954.025 D569A 444680 28/01/2026 Books
© Designed and Maintained by Vivekananda Library, MDU Rohtak